Sports Quiz

Random Sports or Nation Quiz

Boxing Champion Nationalities Quiz Stats

 Plays Quiz not verified by Sporcle

Score 0/55 Timer 07:00
0 Plays Today
Boxer Nationality % Correct
Nikolay ValuevRussia
95.7%
Frank BrunoU.K.
95.1%
Julio Cesar GonzalezMexico
94.1%
Vitali KlitchkoUkraine
91.6%
Ernie TerrellU.S.A.
91.4%
Max SchmelingGermany
89.7%
Tommy BurnsCanada
83.5%
Carlos MonzonArgentina
83.2%
Steve CollinsIreland
83.2%
Ingemar JohanssonSweden
81.6%
Shinji TakahareJapan
81.4%
Hacine CherifiFrance
80%
Krzysztof WlodarczykPoland
79.7%
Mikkel KesslerDenmark
79.5%
Primo CarneraItaly
77%
Gerrie CoetzeeSouth Africa
75.7%
Jeff HardingAustralia
75.7%
Juan Carlos GomezCuba
75.1%
Javier CastillejoSpain
74.9%
Miguel de OliveiraBrazil
74.3%
Samuel PeterNigeria
72.2%
Chong-Pal ParkSouth Korea
70.5%
Trevor BerbickJamaica
69.7%
Roberto DuranPanama
69.7%
Manny PacquiaoPhilippines
69.7%
Ike QuarteyGhana
59.5%
Maselino MasoeNew Zealand
59.2%
Adrian DiaconuRomania
57.8%
Boxer Nationality % Correct
Slobodan KacarSerbia
57%
Yuri ForemanIsrael
56.5%
Zsolt ErdaiHungary
55.7%
Saensak MuangsurinThailand
54.9%
Rodrigo ValdezColombia
53%
Sergei LiakhovichBelarus
49.7%
Mate ParlovCroatia
49.7%
Vicente RondonVenezuela
48.4%
Magne HavnaNorway
48.1%
Ricardo MayorgaNicaragua
47.8%
Vassiliy JirovKazakhstan
47.6%
Vic DarchinyanArmenia
46.2%
Ruslan ChagaevUzbekistan
44.3%
Dejan ZavecSlovenia
37%
Khalid RahilouMorocco
34.6%
Luis SantanaDominican Republic
33.8%
John MugabiUganda
32.2%
Ellyas PicalIndonesia
30.3%
Lakva SimMongolia
29.7%
Elisha ObedBahamas
27.3%
Leslie StewartTrinidad & Tobago
27%
Harry SimonNamibia
22.2%
Wayne BraithwaiteGuyana
22.2%
Kamel Bou AliTunisia
21.9%
Verno PhillipsBelize
17%
Orzubek NazarovKyrgyzstan
14.3%
Livingstone BrambleSt. Kitts & Nevis
10%

You're not logged in!

Compare scores with friends on all Sporcle quizzes.
OR
Log In

Sporcle TV

Today on Sporcle TV


Watch our educational content, quiz creation guides, and fun videos on Sporcle TV.

Show Comments

Extras

Top Quizzes Today


Score Distribution

Your Account Isn't Verified!

In order to create a playlist on Sporcle, you need to verify the email address you used during registration. Go to your Sporcle Settings to finish the process.

Report this User

Report this user for behavior that violates our Community Guidelines.

Details: